Las Universidades en la integración /

Se reflexiona en los grandes retos de la educación superior centroamericana, esto dentro del marco de los diversos procesos de cambio a nivel internacional, por una parte se menciona la necesidad de elevar la capacidad de producción de conocimientos en los procesos productivoscontribuyendo a la inte...

Deskribapen osoa

Gorde:
Xehetasun bibliografikoak
Egile nagusia: Mora Alfaro, Jorge A.
Formatua: Texto
Gaiak:
Etiketak: Etiketa erantsi
Etiketarik gabe, Izan zaitez lehena erregistro honi etiketa jartzen!

MARC

LEADER 00000 a a2200000 04500
001 8496
003
040
100 |a Mora Alfaro, Jorge A.  
245 |a Las Universidades en la integración /  |c Jorge A. Mora Alfaro 
520 |a Se reflexiona en los grandes retos de la educación superior centroamericana, esto dentro del marco de los diversos procesos de cambio a nivel internacional, por una parte se menciona la necesidad de elevar la capacidad de producción de conocimientos en los procesos productivoscontribuyendo a la integración regional. Por otra parte el formar los recursos humanos necesarios para enfrentar las condiciones y exigencias de la sociedad actual. La calidad de los profesionales es un aspecto central para enfrentar con éxito los desafíos del presente y el futuro desarrollo. Se ve como una necesidad urgente el establecer alianzas y vincularse con las comunidades, empresas, organizaciones sociales y no gubernamentales, así como instituciones públicas con la finalidad de estrechar las relaciones de la educación superior con la sociedad e incrementar su aporte en la búsqueda de la sostenibilidad y el desarrollo humano, estos son algunos de los principales retos de la educación superiro de cara al siglo XXI. LOB/LOB  
650 |a UNIVERSIDADES  
650 |a ENSEÑANZA SUPERIOR  
650 |a PAISES EN DESARROLLO  
650 |a ESTRATEGIA DEL DESARROLLO  
650 |a CSUCA  
650 |a ORGANIZACIONES NO GUBERNAMENTALES  
773 |g número 44; páginas 31  
999 |c 38868  |d 38868